00964nam a22002772a 450000100060000000300080000600500170001400800410003102000150007202000210008702000210010802000210012902000210015003500190017104000270019004100080021708200250022524501080025026001380035830000140049650500220051065000540053270000230058670000160060971000610062515235BD-RUCL20211208235757.0140209s1984 enk 000 0 eng d a0131958356 a0131957937 (v.1) a0131958011 (v.2) a0131958194 (v.3) a0131958275 (v.4) a(BD-RUCL)15289 aUKMcBD-RUCLdEQObeng aeng a657.48219bCUR 198410aCurrent cost accounting :bthe benefits and the costs /cjoint editors, Bryan Carsberg and Michael Page aEnglewood Cliffs ;aLondon :bPrentice-Hall in association with the Institute of Chartered Accountants in England and Wales,c[c1984] aV.c24 cm0 aVol. 3, Vol. 4 -- 0aAccountingzGreat BritainxEffect of inflation on1 aCarsberg, Bryan V.1 aPage, M. J.2 aInstitute of Chartered Accountants in England and Wales.